| 000 | 00847njm a2200205 a 4500 | ||
|---|---|---|---|
| 005 | 20200104041756.0 | ||
| 008 | 170531t2015 ck ||adgq|||| 00| spa d | ||
| 040 |
_aCO-BoIAVH _cCO-BoIAVH |
||
| 041 | 0 | _aspa | |
| 090 | _aMM- | ||
| 245 | 0 | 0 |
_aColombia anfibia : _bLa música de los humedales / _cInstituto de Investigación de Recursos Biológicos Alexander von Humboldt |
| 257 | _aColombia | ||
| 264 | 1 |
_aBogotá (Colombia) : _bInstituto de Investigación de Recursos Biológicos Alexander von Humboldt, _c2015. |
|
| 300 |
_a1 disco de sonido (45 minutos) _c12 cm. de diametro + _e1 libro |
||
| 650 | 2 | 6 |
_aTierras húmedas _vMúsica _981780 |
| 650 | 2 | 4 |
_aHumedales _vMúsica _981781 |
| 650 | 2 | 6 |
_aTierras húmedas _vHistoria _981782 |
| 710 | 2 |
_aInstituto de Investigación de Recursos Biológicos Alexander von Humboldt _9204 |
|
| 942 |
_2z _cCD-ROM |
||
| 999 |
_c19516 _d19516 |
||